Los tres amigos / (Registro nro. 2570)
[ vista simple ]
| 000 -CABECERA | |
|---|---|
| Longitud fija campo de control | 00965nam a2200313 a 4500 |
| 003 - • IDENTIFICADOR DELl NÚMERO DE CONTROL | |
| Identificador del número de control | CO-ViMGA |
| 008 - • CÓDIGOS DE INFORMACIÓN DE LONGITUD FIJA | |
| Códigos de información de longitud fija | 141112s2004 ck r 000 u spa d |
| 020 ## - • NÚMERO INTERNACIONAL NORMALIZADO PARA LIBROS | |
| Número Internacional Normalizado para Libros (ISBN) | 9789588654430 |
| 040 ## - FUENTE DE LA CATALOGACIÓN | |
| Centro catalogador de origen | CO-ViMGA |
| Lengua de catalogación | spa |
| Centro transcriptor | CO-ViMGA |
| 041 ## - • CÓDIGO DE LENGUA | |
| Código de lengua del texto/banda sonora o título independiente | SPA |
| 100 1# - • PUNTO DE ACCESO PRINCIPAL-NOMBRE DE PERSONA | |
| Nombre de persona | Heine, Helme, 1941 - |
| 245 10 - • TITULO PROPIAMENTE DICHO | |
| Título | Los tres amigos / |
| Mención de responsabilidad, etc. | texto e ilustraciones Helme Heine ; traducido por Ana Garralón |
| 250 ## - • MENCIÓN DE EDICIÓN | |
| Mención de edición | 1a ed., 22a impr. |
| 300 ## - • DESCRIPCIÓN FÍSICA | |
| Extensión | 71 p. : il. col. : il. |
| 490 ## - • MENCIÓN DE SERIE | |
| Mención de serie | Sopa de libros : a partir de 6 años |
| 505 ## - • NOTA DE CONTENIDO CON FORMATO | |
| Nota de contenido con formato | El despertador |
| 650 14 - • PUNTO DE ACCESO ADICIONAL DE MATERIA - TÉRMINO DE MATERIA | |
| Término de materia o nombre geográfico como elemento inicial | AMISTAD - CUENTO |
| 650 14 - • PUNTO DE ACCESO ADICIONAL DE MATERIA - TÉRMINO DE MATERIA | |
| Término de materia o nombre geográfico como elemento inicial | ANIMALES DE LA GRANJA - CUENTO |
| 650 14 - • PUNTO DE ACCESO ADICIONAL DE MATERIA - TÉRMINO DE MATERIA | |
| Término de materia o nombre geográfico como elemento inicial | AUTORES ALEMANES |
| 650 14 - • PUNTO DE ACCESO ADICIONAL DE MATERIA - TÉRMINO DE MATERIA | |
| Término de materia o nombre geográfico como elemento inicial | CUENTOS ALEMANES |
| 650 14 - • PUNTO DE ACCESO ADICIONAL DE MATERIA - TÉRMINO DE MATERIA | |
| Término de materia o nombre geográfico como elemento inicial | DESDE LOS 3 AÑOS |
| 650 14 - • PUNTO DE ACCESO ADICIONAL DE MATERIA - TÉRMINO DE MATERIA | |
| Término de materia o nombre geográfico como elemento inicial | ILUSTRADORES ALEMANES |
| 700 1# - • PUNTO DE ACCESO ADICIONAL - NOMBRE DE PERSONA | |
| Nombre de persona | Garralón, Ana |
| 700 1# - • PUNTO DE ACCESO ADICIONAL - NOMBRE DE PERSONA | |
| Nombre de persona | Heine, Helme, 1941 - |
| 942 ## - ENTRADA DE ELEMENTOS AGREGADOS (KOHA) | |
| Fuente de clasificaión o esquema | Dewey Decimal Classification |
| Koha [por defecto] tipo de item | LIbro |
| Perdido | Fuente de clasificación o esquema | Estado Físico | No para préstamo | Forma de adquisición | Localización permanente | Localización actual | Localización en estanterías | Fecha adquisición | Signatura completa | Código de barras | Fecha última consulta | Número de copia | Fecha del precio de reemplazo | Tipo de item de Koha | Préstamos totales | Serie de enumeración / cronolog&íacute;a | Fecha último préstamo | Note pública |
|---|---|---|---|---|---|---|---|---|---|---|---|---|---|---|---|---|---|---|
| Dewey Decimal Classification | Infantil | Biblioteca Pública Cubarral | Biblioteca Pública Cubarral | Sala Infantil | 07/21/2023 | C HEI1 | CUB00484 | 07/21/2023 | Ej.1 | 07/21/2023 | Libro Infantil | |||||||
| Dewey Decimal Classification | Infantil | Biblioteca Pública José Eustasio Rivera - San Martin | Biblioteca Pública José Eustasio Rivera - San Martin | Sala Infantil | 02/03/2026 | SM02500 | 02/03/2026 | Ej.1 | 02/03/2026 | LIbro | ||||||||
| Dewey Decimal Classification | Infantil | Biblioteca Pública Puerto López - Jorge Eliecer Gaitán | Biblioteca Pública Puerto López - Jorge Eliecer Gaitán | Sala Infantil | 06/06/2025 | PLZ01525 | 06/06/2025 | Ej.1 | 06/06/2025 | Libro Infantil | ||||||||
| Dewey Decimal Classification | Infantil | Biblioteca Pública El Castillo - Alfonso Meneses | Biblioteca Pública El Castillo - Alfonso Meneses | Sala Infantil | 09/26/2023 | C HEI1 | EC01649 | 09/26/2023 | Ej.1 | 09/26/2023 | LIbro | |||||||
| Sala General | Biblioteca Pública Departamental Eduardo Carranza - Villavicencio | Biblioteca Pública Departamental Eduardo Carranza - Villavicencio | General | 02/27/2013 | C HEI1 | ECA21890 | 11/26/2024 | Ej.1 | 11/26/2024 | LIbro | 16349 | 21134 | |||||||
| Dewey Decimal Classification | Sala Infantil Segundo Piso | Biblioteca Pública Germán Arciniegas - Villavicencio | Biblioteca Pública Germán Arciniegas - Villavicencio | 12/04/2015 | C HEI1 | 25815 | 09/01/2021 | Ej. 1 | 12/04/2015 | LIbro | 3 | 16/abr/2013 | 08/31/2021 | |||||
| Dewey Decimal Classification | Infantil | Biblioteca Pública Guamal | Biblioteca Pública Guamal | Sala Infantil | 02/21/2023 | C HEI1 | GUA001649 | 02/21/2023 | Ej.1 | 02/21/2023 | Libro Infantil | |||||||
| Dewey Decimal Classification | Infantil | Biblioteca Pública Mapiripan | Biblioteca Pública Mapiripan | Literatura | 01/22/2024 | C HEI1 | MAP00003069 | 01/22/2024 | Ej.1 | 01/22/2024 | LIbro | |||||||
| Dewey Decimal Classification | Infantil | Biblioteca Pública Mesetas - Franco lodo Poloxi | Biblioteca Pública Mesetas - Franco lodo Poloxi | Sala Infantil | 07/14/2025 | C HEI1 | 9789588654430 | 02/18/2025 | Ej.1 | 02/18/2025 | LIbro | |||||||
| Dewey Decimal Classification | Infantil | Biblioteca Pública Puerto Rico | Biblioteca Pública Puerto Rico | Sala Infantil | 12/09/2022 | C HEI1 | PR000001173 | 12/09/2022 | Ej.1 | 12/09/2022 | Libro Infantil | |||||||
| Dewey Decimal Classification | Infantil | Biblioteca Pública San Juan de Arama - Concepción de Arama | Biblioteca Pública San Juan de Arama - Concepción de Arama | Sala Infantil | 02/25/2026 | C HEI1 | SJA01401 | 02/25/2026 | Ej.1 | 02/25/2026 | Literatura Infantil | |||||||
| Dewey Decimal Classification | Infantil | Biblioteca Pública San Juanito - Ernesto Maria Peña Romero | Biblioteca Pública San Juanito - Ernesto Maria Peña Romero | Sala Infantil | 01/24/2024 | C HEI1 | SJU00361 | 01/24/2024 | Ej.1 | 01/24/2024 | LIbro |